00740nam a2200193 i 450000100060000000300090000600500170001500700030003200800410003510000270007624501470010326000350025030000300028570000350031570000250035085200320037599900170040795201220042430693ES-MaACL20230906154234.0t|030127s1973 sp ||||1| spa d1 aBathe, Basil W.92642014aLos paquebotes, desde las cruzadas hasta los cruceros / cBasil W. Bathe ; traducción: Consuelo G. de Ortega ; documentación: Denise Blum. aBarcelona : bAymá, c[1973] a298 p. : bil. ; c32 cm.1 aOrtega, Consuelo G. de.9873991 aBlum, Denise.929581 aES-MaACLjC-55866 bR.88600 c30693d30693 00104070aATENEOMbATENEOMcDEPO2d2008-01-17eSCl0oC-55866p1031698r2023-02-23 00:00:00w2023-02-23yMONOGRAFIA